000 00466nam a2200181Ia 4500
003 GCL
008 140319s9999 xx 000 0 eng d
040 _aGCL /
_cGCL
082 0 4 _a302.23
_bT M
100 1 _aTOLSON, ANDREW
245 1 0 _aMEDIATIONS: TEXT AND DICOURSE IN MEDIA STUDIES /
_cTOLSON, ANDREW
260 _a[S.N] :
_bARNOLD PUBLISHERS ،
_c1996
300 _a235 P
650 0 4 _aMASS MEDIA
650 0 4 _aMEDIA
650 0 4 _aCULTURE
942 _2ddc
_cBK
999 _c14103
_d14103